Normal view
MARC view
- Albright, Lyle Frederick
Entry Personal Name
001 - CONTROL NUMBER
- control field: 44879
003 - CONTROL NUMBER IDENTIFIER
- control field: NUST
005 - DATE AND TIME OF LATEST TRANSACTION
- control field: 20210314133110.0
008 - FIXED-LENGTH DATA ELEMENTS
- fixed length control field: 210314|| aca||aabn | a|a d
040 ## - CATALOGING SOURCE
- Original cataloging agency: NUST
- Transcribing agency: NUST
100 ## - HEADING--PERSONAL NAME
- Personal name: Albright, Lyle Frederick
670 ## - SOURCE DATA FOUND
- Source citation: Work cat.: (NUST): Albright, Lyle Frederick,, Processes for major addition-type plastics and their monomers, [1974]
